| 000 | 01299nam a22004097a 4500 | ||
|---|---|---|---|
| 001 | 0053079 | ||
| 003 | KOHA_MİRAKIL | ||
| 005 | 20260207003906.0 | ||
| 007 | ta | ||
| 008 | 150629b2015 tu |||gr||||#||||0|tur | | ||
| 020 | _a9789750821967 | ||
| 040 |
_aTR-BiSEU _btur _cTR-BiSEU _erda |
||
| 041 | 0 | _atur | |
| 044 | _ctu | ||
| 050 |
_aCB245 _b.F47 2015 |
||
| 100 | 1 | _aFerguson, Niall. | |
| 240 | 1 | 0 |
_aCivilization : the west and the rest _lTürkçe |
| 245 | 1 |
_aUygarlık : _bbatı ve ötekiler/ _cNiall Ferguson ; Niall Ferguson; Çeviren Nurettin Elhüseyin. |
|
| 250 | _a2. baskı | ||
| 264 | 1 |
_aİstanbul : _bYapı Kredi Yayınları _c2015 |
|
| 300 | _a387 sayfa; 25 cm. | ||
| 336 |
_ametin _btxt _2rdacontent |
||
| 337 |
_aaracısız _bn _2rdamedia |
||
| 338 |
_acilt _bnc _2rdacarrier |
||
| 490 | 1 |
_aYapı Kredi Yayınları ; _v3537. |
|
| 490 | 1 |
_aTarih ; _v84. |
|
| 500 | _aÖzgün Adı: Civilization : the west and the rest | ||
| 500 | _aDizin var. | ||
| 500 | _aKaynakça var. | ||
| 650 | 0 |
_aCivilization, Western. _941022 |
|
| 650 | 0 |
_aWorld politics. _94773 |
|
| 650 | 0 |
_aInternational relations --History. _996557 |
|
| 650 | 0 |
_aHegemony--History. _999217 |
|
| 830 | 1 |
_aYapı Kredi Yayınları ; _v3537. _97873 |
|
| 830 | 1 |
_aTarih ; _v84. _910477 |
|
| 942 |
_2lcc _cBK |
||
| 999 |
_c52889 _d52889 |
||